Prowling the seas : (Record no. 9419)

MARC details
000 -LEADER
fixed length control field 01037nam a22002897a 4500
001 - CONTROL NUMBER
control field 9419
003 - CONTROL NUMBER IDENTIFIER
control field FISKH
005 - DATE AND TIME OF LATEST TRANSACTION
control field 20260106113013.0
008 - FIXED-LENGTH DATA ELEMENTS--GENERAL INFORMATION
fixed length control field 260106b cb ||||| |||| 00| 0 eng d
020 ## - INTERNATIONAL STANDARD BOOK NUMBER
International Standard Book Number 9781338049008
040 ## - CATALOGING SOURCE
Original cataloging agency FISKH
Language of cataloging eng
Transcribing agency FISKH
Modifying agency FISKH
050 ## - LIBRARY OF CONGRESS CALL NUMBER
Classification number QL122.2 .T88
082 ## - DEWEY DECIMAL CLASSIFICATION NUMBER
Classification number 591.5
100 ## - MAIN ENTRY--PERSONAL NAME
Personal name Turner , Pamela S.
245 ## - TITLE STATEMENT
Title Prowling the seas :
Remainder of title Exploring the hidden world of ocean predators /
Statement of responsibility, etc. By Pamela S. Turner
260 ## - PUBLICATION, DISTRIBUTION, ETC.
Place of publication, distribution, etc. New York :
Name of publisher, distributor, etc. Scholastic ,
Date of publication, distribution, etc. 2009 .
300 ## - PHYSICAL DESCRIPTION
Extent 39 pages :
Other physical details color illustrations ;
Dimensions 23 x 25 cm .
505 ## - FORMATTED CONTENTS NOTE
Formatted contents note W <br/>
520 ## - SUMMARY, ETC.
Summary, etc. An acclaimed science writer takes readers along with four underwater predators--a leatherback sea turtle, a bluefin tuna, a great white shark, and a Sooty Shearwater--on their remarkable journeys.
521 8# - TARGET AUDIENCE NOTE
Target audience note 870 <br/>
Source Lexile <br/>
521 8# - TARGET AUDIENCE NOTE
Target audience note W <br/>
Source Raz-Plus <br/>
650 ## - SUBJECT ADDED ENTRY--TOPICAL TERM
Topical term or geographic name entry element Creature features
Form subdivision Non-fiction
650 ## - SUBJECT ADDED ENTRY--TOPICAL TERM
Topical term or geographic name entry element Animals
Form subdivision Non-fiction
700 ## - ADDED ENTRY--PERSONAL NAME
Personal name Gastonguay , Nicole
Relator term Designer
942 ## - ADDED ENTRY ELEMENTS (KOHA)
Source of classification or shelving scheme Dewey Decimal Classification
Koha item type Books
Suppress in OPAC No
Holdings
Withdrawn status Lost status Source of classification or shelving scheme Damaged status Not for loan Collection Home library Current library Shelving location Date acquired Total Checkouts Full call number Barcode Date last seen Price effective from Koha item type
    Dewey Decimal Classification     Non-Fiction Footprints International School Library Network Toul Tom Poung Campus Footprints International School Library Network Toul Tom Poung Campus TTP Secondary Non-Fiction Bookshelves 01/06/2026   TUR 591.5 QL122.2 .T88 FIS05566 01/06/2026 01/06/2026 Books